01068nam a2200289Ia 4500001000600000003000500006008004100011010001100052040000900063090001600072100004000088245015000128260004100278300001000319502008100329650003100410650005600441650004200497650003600539901001600575902000600591910000900597942000600606942000600612999001900618952014100637Z_732CHAP220113s1981 xx 000 0 und d a163825 cCHAP aTesis C 262 aCoutiño Arrazola, Jorge L.928668 aUtilización de la cáscara de cacao en sustitución de sorgo para suplementación de bovinos en pastoreo /cpor Jorge L. Coutiño Arrazola aChapingo, Méx. :bEl autor,c1981 a38 h. aTesis (Ing. Agrónomo Esp. en Zootecnia) -- UACH. Departamento de Zootecnia aCacaoxSubproductos916972 aCáscara de cacao en alimentación animal 924130 aGanado vacunoxAlimentación 945429 aGanado vacunoxPastoreo 945502 aTESIS C 262 aM a1981 c2 c2 c163825d163825 00102local4051708TESISaZbZd2005-11-09eEl autorl0oTesis C68 262 1981p5101000396r2022-01-18 00:00:00tEj.1w2022-01-18yTESIS